000 00766nam a22002537a 4500
001 BR8107924
003 BR-BrBNA
005 20230928091130.0
007 ta
008 230509b bl.||||| |||| 00| 0 por d
040 _aBR-BrBNA
_bpor
_cBiblioteca Nacional de Agricultura
041 _a(Por)
072 _aE30; E15; A00
_b/G514
090 _ E30 BR8107924
110 1 _aSecretaria da Agricultura do Estado de Mato Grosso, Cuiaba (Brasil)
_98213
245 1 _aA Agropecuaria no contexto do plano geral do Governo do Estado de Mato Grosso [Brasil]
260 3 _aCuiaba, MT (Brasil):
_c1981.
300 _a7 p.
650 _aPOLITICA AGRICOLA
650 _aECONOMIA AGRICOLA
650 _aMATO GROSSO
909 _a202309
_bLucia
_c55
_dLucia Elande
942 _cBK
999 _c32385
_d32385